| 000 | 01062 a2200229 4500 | ||
|---|---|---|---|
| 001 | 35644 | ||
| 005 | 20260407155636.0 | ||
| 008 | 260407a1969 arg spa d | ||
| 003 | AR-UNSa-BCEJYS | ||
| 040 |
_aAR-UNSa-BCEJYS _bspa _cAR-UNSa-BCEJYS |
||
| 080 |
_a658.01 _xMetodología. Teoría y práctica de la organización( teoria de la organización, análisis organizacional...) |
||
| 245 | 1 | 0 | _aTeoría de la organización |
| 264 | 1 |
_aBarcelona : _bAriel _c1969 |
|
| 300 |
_a285 p. _c23 cm. |
||
| 505 | _a1. Comportamiento en la organización - 2. Teoría clásica de la organización - 3. Restricciones de motivación, decisiones internas de la organización - 4. Restricciones de motivación, la decisión de participar - 5. El conflicto en las organizaciones - 6. Límites cognitivos sobre racionalidad - 7. Planificación e innovación en las organizaciones. | ||
| 942 | _cBK | ||
| 590 | _aniveau_biblio:m niveau_hierar:0 | ||
| 100 | 1 | _aSimon, Herbert A. | |
| 700 | 1 | _aMarch, James Gary | |
| 700 | 1 | _aMaluquer Wahl, Juan | |
| 700 | 1 | _aGuetzkow, Harold | |
| 999 |
_c2571 _d2571 |
||